Discurso leído con motivo de la solemne apertura del curso académico de 1930-31 / por Carlos del Fresno y Pérez del Villar. (Record no. 65424)

MARC details
000 -LEADER
campo de control de longitud fija 00784nam a2200205 i 4500
001 - NÚMERO DE CONTROL
campo de control 65424
003 - IDENTIFICADOR DE NÚMERO DE CONTROL
campo de control ES-MaACL
005 - FECHA Y HORA DE LA ÚLTIMA TRANSACCIÓN
campo de control 20230906165351.0
007 - CAMPO FIJO DE DESCRIPCIÓN FÍSICA--INFORMACIÓN GENERAL
campo de control de longitud fija t|
008 - DATOS DE LONGITUD FIJA--INFORMACIÓN GENERAL
campo de control de longitud fija 040113s1930 sp |||| | spa d
100 1# - ENTRADA PRINCIPAL--NOMBRE DE PERSONA
Nombre de persona Fresno y Pérez del Villar, Carlos del.
9 (RLIN) 52538
245 13 - MENCIÓN DEL TÍTULO
Título Discurso leído con motivo de la solemne apertura del curso académico de 1930-31 / por Carlos del Fresno y Pérez del Villar.
260 ## - PUBLICACIÓN, DISTRIBUCIÓN, ETC.
Lugar de publicación, distribución, etc. Oviedo :
Nombre del editor, distribuidor, etc. [s.n.],
Fecha de publicación, distribución, etc. 1930 (
Fabricante Imp. de Flórez)
300 ## - DESCRIPCIÓN FÍSICA
Extensión 36 p. ;
Dimensiones 28 cm.
500 ## - NOTA GENERAL
Nota general Tema del díscurso: La enseñanza de la química en las universidades españolas.
594 ## - Nota al título y mención de responsabilidad
Nota al título y mención de responsabilidad Precede al tít.: Universidad de Oviedo.
650 ## - PUNTO DE ACCESO ADICIONAL DE MATERIA--TÉRMINO DE MATERIA
Término de materia o nombre geográfico como elemento de entrada Química-
Subdivisión general Estudio y enseñanza.
9 (RLIN) 175913
710 2# - ENTRADA AGREGADA--NOMBRE DE ENTIDAD CORPORATIVA
Nombre de entidad corporativa o nombre de jurisdicción como elemento de entrada Universidad de Oviedo.
9 (RLIN) 7260
852 ## - LOCALIZACIÓN
Ubicación ES-MaACL
Número de control de estantería 1746-F-1
Holdings
Estatus retirado Estado de pérdida Estado de daño No para préstamo Colección Biblioteca de origen Biblioteca actual Ubicación en estantería Fecha de adquisición Fuente de adquisición Total de préstamos Signatura topográfica completa Código de barras Visto por última vez Precio de reemplazo Tipo de ítem Koha
        Colección de folletos Biblioteca del Ateneo de Madrid Biblioteca del Ateneo de Madrid Depósito folletos 17/01/2008     1746-F-1 1068546 23/02/2023 23/02/2023 Folleto